Equipos en los que ha jugado Cristiano Ronaldo - Estadísticas

Estadísticas generales
  • Esta prueba ha sido intentada 3.340 veces
  • La puntuación promedio es 6 de 7
Estadísticas de respuestas
Años Partidos Goles Equipos % Correcto
2009-18 438 450 Real Madrid
100%
2018-2021 134 101 Juventus
96%
2003-2009 292 118 Manchester United
96%
2021-2022 54 27 Manchester United
96%
2002-2003 31 5 Sporting de Lisboa
91%
2022- 129 115 Al Nassr
83%
2003- 226 143 Portugal
70%
No se encontraron pruebas coincidentes
Distribución de puntuación
Porcentaje de gente con cada puntuación
Porcentaje por número respondido
Historial de tus puntuaciones
No has intentado esta prueba.